000 00882nam a22002297a 4500
005 20100908141144.0
008 100908t xxu||||| |||| 00| 0 eng d
010 _aB-420991
020 _a9788124112465
_c40.00
035 _aB-420991
037 _bDBAD/Gift
040 _adpl
_bEnglish
082 _aS
100 _aDoyle, Arthur Conan
_918932
245 _aThe hound of the baskervilles /
_cby Arthur Conan Doyle
260 _aNew Delhi
_bHar-Anand Publications
_c200?
300 _a86p.:
_b ill.
_c21cm. (pbk)
490 _aTreasure of classics
_918939
942 _2ddc
_cCH
_mDOY
_hS
999 _c44491
_d44491